[Event "ICS rated blitz match"]
[Site "204.178.125.65"]
[Date "2001.10.02"]
[Round "?"]
[White "Earth"]
[Black "Hossa"]
[Result "0-1"]
[WhiteElo "2321"]
[BlackElo "2548"]
[PlyCount "78"]
[EventDate "2001.??.??"]

1. d4 Nf6 2. Nf3 e6 3. g3 b5 4. Bg2 Bb7 5. O-O Be7 6. Nbd2 O-O 7. Re1 d6 8. e4
Na6 9. c3 Qd7 10. e5 Nd5 11. Ne4 b4 12. c4 Nb6 13. b3 d5 14. cxd5 Nxd5 15. Bb2
Rfd8 16. Rc1 Bc6 17. Bf1 Nb8 18. Nc5 Qe8 19. Nd2 Nc3 20. Bxc3 bxc3 21. Rxc3
Rxd4 22. Qc2 Qd8 23. Nde4 Bxc5 24. Rxc5 Bxe4 25. Rxe4 Rd2 26. Qc3 c6 27. Rcc4
Rxa2 28. Red4 Qe8 29. Rd6 Nd7 30. Rdxc6 Nb6 31. R4c5 Rd8 32. Bb5 Rd1+ 33. Kg2
Qa8 34. Qf3 Rd5 35. Rxd5 Nxd5 36. Rd6 Qf8 37. Bc6 Nb4 38. Be4 f5 39. exf6 Qxd6
{Earth resigns} 0-1

[Event "ICS rated blitz match"]
[Site "204.178.125.65"]
[Date "2001.10.02"]
[Round "?"]
[White "Hossa"]
[Black "Earth"]
[Result "1-0"]
[WhiteElo "2555"]
[BlackElo "2314"]
[PlyCount "119"]
[EventDate "2001.??.??"]

1. Nc3 c6 2. e4 d5 3. exd5 cxd5 4. d4 a6 5. Bd3 Nc6 6. Nf3 Bg4 7. Be2 e6 8. O-O
Bb4 9. Bf4 Nf6 10. Ng5 Bf5 11. a3 Bxc3 12. bxc3 h6 13. Nf3 Ne4 14. c4 Nc3 15.
Qe1 Nxe2+ 16. Qxe2 dxc4 17. Qxc4 O-O 18. c3 Rc8 19. Qe2 Na5 20. Qb2 Be4 21. Nd2
Bd5 22. Rfe1 Qd7 23. Qb6 Nc4 24. Nxc4 Rxc4 25. Re3 Rfc8 26. Rc1 Ra4 27. Rg3 Kh7
28. Ra1 Qc6 29. Qb2 Rc4 30. Rc1 Be4 31. Qe2 Bg6 32. Qe5 Qd5 33. Qe1 e5 34. Bxe5
Re8 35. Re3 b5 36. Bf4 Rxe3 37. Qxe3 Ra4 38. Qe7 Qb3 39. Bd6 Qb2 40. Qe3 Qb3
41. Bb4 Qd5 42. Qe8 Qe6 43. Qf8 f6 44. Qd8 Qg8 45. Qd7 Qf7 46. Qc6 Bf5 47. Re1
Be6 48. Qxe6 Qg6 49. Qe2 Rxb4 50. axb4 Qf7 51. Qe4+ Qg6 52. Qxg6+ Kxg6 53. d5
h5 54. d6 Kf7 55. d7 f5 56. d8=Q f4 57. Qe8+ Kf6 58. Qe6+ Kg5 59. Re5+ Kh4 60.
Qh3# {Earth checkmated} 1-0

[Event "ICS rated standard match"]
[Site "204.178.125.65"]
[Date "2001.10.02"]
[Round "?"]
[White "Hossa"]
[Black "ChesterX"]
[Result "0-1"]
[WhiteElo "2287"]
[BlackElo "2506"]
[PlyCount "121"]
[EventDate "2001.??.??"]

1. Nc3 d5 2. e4 d4 3. Nce2 e5 4. d3 Nf6 5. f4 Nc6 6. fxe5 Nxe5 7. Nf3 Nxf3+ 8.
gxf3 Nh5 9. Bg2 Qh4+ 10. Kf1 Bc5 11. Qe1 Qxe1+ 12. Kxe1 Be6 13. Kf2 O-O-O 14.
Rg1 Kb8 15. Nf4 Nxf4 16. Bxf4 h5 17. Bd2 Be7 18. f4 Bh4+ 19. Ke2 Rhe8 20. h3 g6
21. Kf3 Rd6 22. b3 Rc6 23. Rgc1 f5 24. Bf1 Bd7 25. e5 Rce6 26. c3 Bc6+ 27. Ke2
dxc3 28. Bxc3 Bg3 29. Ke3 g5 30. fxg5 Rd8 31. d4 f4+ 32. Ke2 Bh4 33. Rd1 Bxg5
34. b4 f3+ 35. Kf2 Bd5 36. Bd3 Rf8 37. Rg1 Bh4+ 38. Kf1 Rc6 39. Rc1 Bxa2 40. b5
Be6 41. Rh1 Rc4 42. Be4 Rf4 43. Bd3 Rfxd4 44. Bxc4 Bxc4+ 45. Kg1 f2+ 46. Kh2
Rd3 47. Ba5 Bg3+ 48. Kg2 Bd5+ 49. Kf1 c5 50. Ke2 c4 51. Bb4 Bf3+ 52. Kf1 Bxh1
53. e6 Re3 54. e7 Bd5 55. h4 Bxh4 56. b6 a5 57. Bxa5 Rxe7 58. Bd2 Kc8 59. Bb4
Rg7 60. Ke2 Rg1 61. Rf1 {Hossa resigns} 0-1

[Event "ICS rated blitz match"]
[Site "204.178.125.65"]
[Date "2001.10.02"]
[Round "?"]
[White "winner3"]
[Black "Hossa"]
[Result "1-0"]
[WhiteElo "2759"]
[BlackElo "2561"]
[PlyCount "55"]
[EventDate "2001.??.??"]

1. e4 e5 2. Nf3 Nc6 3. Bb5 a6 4. Ba4 Nf6 5. O-O b5 6. Bb3 Nxe4 7. d4 exd4 8.
Re1 d5 9. Nc3 dxc3 10. Bxd5 Bb7 11. Ng5 f5 12. Nxe4 fxe4 13. Qh5+ g6 14. Bxc6+
Kf7 15. Qe5 Bg7 16. Qf4+ Kg8 17. Bxb7 cxb2 18. Bxb2 Bxb2 19. Rad1 Bd4 20. Bxa8
Kg7 21. c3 g5 22. Qxe4 Qxa8 23. Qxd4+ Kf7 24. Qd7+ Kg6 25. Re6+ Kh5 26. Qf7+
Kh4 27. Rh6+ Kg4 28. h3# {Hossa checkmated} 1-0

[Event "ICS rated blitz match"]
[Site "204.178.125.65"]
[Date "2001.10.02"]
[Round "?"]
[White "Hossa"]
[Black "winner3"]
[Result "0-1"]
[WhiteElo "2553"]
[BlackElo "2767"]
[PlyCount "112"]
[EventDate "2001.??.??"]

1. d4 Nf6 2. c4 c5 3. d5 e5 4. Nc3 d6 5. e4 Be7 6. g3 Nbd7 7. Be3 O-O 8. f4
exf4 9. gxf4 Nb6 10. Be2 Re8 11. Bf2 Bf8 12. Bh4 a5 13. Nf3 Be7 14. Bg3 Nh5 15.
Nd2 Nxg3 16. hxg3 Bf6 17. Qc2 h6 18. O-O-O a4 19. g4 Bd4 20. Rdf1 a3 21. b3 Bd7
22. Rh5 Nc8 23. Rh3 Qf6 24. Nd1 b5 25. cxb5 Rb8 26. Nc3 Na7 27. b6 Nc8 28. Ndb1
Rxb6 29. Qd2 Rb4 30. Rh5 Qg6 31. g5 Rxe4 32. Nxe4 Bb2+ 33. Kc2 Rxe4 34. f5 Bxf5
35. Bd3 c4 36. Rxf5 cxd3+ 37. Qxd3 Qxf5 38. Nd2 Re5 39. Qxf5 Rxf5 40. Nc4 Rf2+
41. Kd3 hxg5 42. Rh1 g4 43. Re1 Kf8 44. Rh1 g6 45. b4 Rf4 46. Nxb2 axb2 47. Kc3
Nb6 48. a3 Rf2 49. Kd4 g3 50. Rb1 g2 51. Rg1 Rf1 52. Rxg2 b1=Q 53. Rg5 Qd1+ 54.
Kc3 Rf3+ 55. Kb2 Nc4+ 56. Ka2 Rxa3# {Hossa checkmated} 0-1

[Event "ICS rated blitz match"]
[Site "204.178.125.65"]
[Date "2001.10.02"]
[Round "?"]
[White "Earth"]
[Black "Hossa"]
[Result "0-1"]
[WhiteElo "2308"]
[BlackElo "2546"]
[PlyCount "102"]
[EventDate "2001.??.??"]

1. g3 g6 2. Bg2 Bg7 3. d3 Nf6 4. e4 d5 5. Ne2 dxe4 6. dxe4 Qxd1+ 7. Kxd1 Nc6 8.
f3 Be6 9. c3 Bc4 10. Ke1 Ne5 11. Na3 Nd3+ 12. Kf1 Ba6 13. Nc2 Nd7 14. Ne1 Nxc1
15. Rxc1 O-O-O 16. Kf2 Nb6 17. b3 Rd2 18. Rc2 Rxe2+ 19. Rxe2 Bxe2 20. Kxe2 Bxc3
21. Nd3 Rd8 22. Rc1 Bd4 23. Nf4 Kd7 24. Bh3+ e6 25. Nd3 Kd6 26. Nb4 c6 27. Nd3
Nd7 28. Rc4 e5 29. Rc2 Nc5 30. Nxc5 Bxc5 31. Rd2+ Bd4 32. Rc2 Ke7 33. Bf1 Kf6
34. Bh3 h6 35. Rc4 Kg5 36. Bg2 Bg1 37. h4+ Kf6 38. Bh3 Bh2 39. g4 Bg3 40. h5
Bf4 41. Rc2 Kg5 42. hxg6 fxg6 43. Bg2 h5 44. gxh5 gxh5 45. Bh3 Kh4 46. Bf5 Kg3
47. Rc4 Rd2+ 48. Ke1 Kxf3 49. Rc5 Rd3 50. Rc2 Bg3+ 51. Kf1 Rd1# {
Earth checkmated} 0-1

[Event "ICS rated blitz match"]
[Site "204.178.125.65"]
[Date "2001.10.02"]
[Round "?"]
[White "Hossa"]
[Black "Earth"]
[Result "1-0"]
[WhiteElo "2552"]
[BlackElo "2302"]
[PlyCount "39"]
[EventDate "2001.??.??"]

1. e4 c5 2. Nf3 Nc6 3. Bb5 g6 4. Bxc6 dxc6 5. d3 Nf6 6. O-O Bg4 7. h3 Bxf3 8.
Qxf3 Nd7 9. Nc3 Bg7 10. Bg5 Qa5 11. Bd2 Qc7 12. Qg4 h5 13. Qf3 Ne5 14. Qe2 Bh6
15. Bxh6 Rxh6 16. Qe3 Rh7 17. Qxc5 b6 18. Nd5 Qd7 19. Nxb6 axb6 20. Qxe5 {
Earth resigns} 1-0

[Event "ICS rated blitz match"]
[Site "204.178.125.65"]
[Date "2001.10.02"]
[Round "?"]
[White "Apocaliptica"]
[Black "Hossa"]
[Result "1-0"]
[WhiteElo "2639"]
[BlackElo "2564"]
[PlyCount "83"]
[EventDate "2001.??.??"]

1. c4 e5 2. Nf3 d6 3. Nc3 Be7 4. d4 exd4 5. Nxd4 Nf6 6. e4 O-O 7. Be2 Bd7 8.
O-O Re8 9. Be3 c6 10. Qc2 Na6 11. a3 Ng4 12. Bf4 Bf6 13. Rad1 Qe7 14. b4 Nc7
15. Nf5 Bxf5 16. Bxd6 Bxe4 17. Nxe4 Qxe4 18. Bd3 Ne3 19. fxe3 Qxe3+ 20. Kh1 Na6
21. Bf4 Qe7 22. Bg3 h6 23. Bh7+ Kh8 24. Rfe1 Qf8 25. Be4 Qg8 26. Rd7 Be5 27.
Bh4 g5 28. Bg3 Bxg3 29. hxg3 Re6 30. Rf1 Qb8 31. Qf2 Qg8 32. Rxf7 Rae8 33. Qb2+
Re5 34. R1f6 Qxf7 35. Rxf7 Kg8 36. Qf2 Rxe4 37. Qf6 Re1+ 38. Kh2 Rh1+ 39. Kxh1
Re1+ 40. Kh2 Rh1+ 41. Kxh1 b5 42. Qg7# {Hossa checkmated} 1-0

[Event "ICS rated blitz match"]
[Site "204.178.125.65"]
[Date "2001.10.02"]
[Round "?"]
[White "Hossa"]
[Black "Hadoken"]
[Result "0-1"]
[WhiteElo "2551"]
[BlackElo "2874"]
[PlyCount "184"]
[EventDate "2001.??.??"]

1. e4 e6 2. Nf3 d5 3. exd5 exd5 4. Bb5+ c6 5. Be2 Bd6 6. O-O Bf5 7. Re1 Ne7 8.
d4 O-O 9. Bd3 Bxd3 10. Qxd3 Re8 11. Be3 Qd7 12. Nbd2 Na6 13. Ng5 Ng6 14. c3 f6
15. Ngf3 Re7 16. Re2 f5 17. Bg5 Rxe2 18. Qxe2 h6 19. Bh4 Re8 20. Qf1 c5 21. Nb3
c4 22. Nbd2 Bf4 23. Qd1 Bd6 24. Qf1 Bf4 25. Qd1 Bc7 26. Qf1 Nf4 27. g3 Ne6 28.
Qb1 Nf8 29. b3 cxb3 30. Qxb3 Bb8 31. c4 g5 32. cxd5 gxh4 33. Nxh4 f4 34. Rb1 b6
35. d6+ Kh8 36. Qa3 Qc8 37. gxf4 b5 38. d5 b4 39. Qd3 Bxd6 40. Qd4+ Kh7 41. Ne4
Be7 42. Nf6+ Bxf6 43. Qxf6 Qg4+ 44. Kh1 Nc7 45. Qf7+ Qg7 46. Qf5+ Kh8 47. d6
Nce6 48. Rg1 Qb7+ 49. f3 Ng7 50. Qf6 Kh7 51. Qb2 Re6 52. Qd4 Qf7 53. Qxb4 a5
54. Qd4 Qf6 55. Qd3+ Kh8 56. d7 Rd6 57. Ng6+ Nxg6 58. Qxg6 Qxg6 59. Rxg6 Rxd7
60. Rxh6+ Kg8 61. Rg6 Rd4 62. f5 Kf7 63. Rg5 Ra4 64. Rg2 Nxf5 65. Rf2 Ke6 66.
h3 Rd4 67. f4 Kd5 68. Kh2 Ke4 69. Kg2 Rd1 70. Kh2 Ke3 71. Rc2 Kxf4 72. Rc4+ Kf3
73. Rc3+ Ne3 74. a3 Kf2 75. h4 Rd4 76. Kh3 Rf4 77. h5 Rf3+ 78. Kh4 Ng2+ 79. Kg5
Rxc3 80. a4 Rc4 81. Kf6 Rxa4 82. h6 Rh4 83. Ke6 a4 84. h7 a3 85. h8=Q Rxh8 86.
Kd5 Ne3+ 87. Kd6 Rh6+ 88. Ke5 a2 89. Kd4 a1=Q+ 90. Kc5 Qc3+ 91. Kb5 Qc4+ 92.
Ka5 Ra6# {Hossa checkmated} 0-1

[Event "ICS rated blitz match"]
[Site "204.178.125.65"]
[Date "2001.10.02"]
[Round "?"]
[White "Hadoken"]
[Black "Hossa"]
[Result "1-0"]
[WhiteElo "2897"]
[BlackElo "2547"]
[PlyCount "116"]
[EventDate "2001.??.??"]

1. c4 e5 2. Nc3 Nf6 3. Nf3 Nc6 4. g3 Bb4 5. Bg2 O-O 6. O-O Re8 7. Nd5 Nxd5 8.
cxd5 Nd4 9. Nxd4 exd4 10. e4 c6 11. d3 cxd5 12. exd5 d6 13. Bf4 Ba5 14. Qa4 Bf5
15. Qxd4 Qd7 16. Rac1 Re2 17. Bf3 Ree8 18. Rc4 Bh3 19. Rb1 Bb6 20. Qc3 Rac8 21.
Re1 Rxe1+ 22. Qxe1 Ra8 23. Re4 Rb8 24. Re7 Qd8 25. g4 Bc5 26. Bd1 b5 27. a3 Ra8
28. b4 Bd4 29. Rxf7 Be5 30. Rf5 Bxf4 31. Rxf4 Kh8 32. Qe3 Qh4 33. Rf5 Qh6 34.
Qxa7 Rg8 35. Qe3 Qxe3 36. fxe3 g6 37. Rf6 Ra8 38. Rxd6 Rxa3 39. Kf2 Rxd3 40.
Bf3 Rb3 41. Rd8+ Kg7 42. Rd7+ Kh6 43. d6 Kg5 44. Rxh7 Bxg4 45. h4+ Kf5 46. d7
Rd3 47. e4+ Kf4 48. Rf7+ Bf5 49. exf5 gxf5 50. Bc6 Ke5 51. Rf8 Ke6 52. Re8+ Kf6
53. d8=Q+ Rxd8 54. Rxd8 Ke7 55. Re8+ Kf6 56. Bxb5 f4 57. Kf3 Kg6 58. Re7 Kf5 {
Hossa resigns} 1-0

[Event "ICS rated blitz match"]
[Site "204.178.125.65"]
[Date "2001.10.02"]
[Round "?"]
[White "Hossa"]
[Black "nyul"]
[Result "1-0"]
[WhiteElo "2543"]
[BlackElo "2058"]
[PlyCount "53"]
[EventDate "2001.??.??"]

1. d4 d5 2. c4 e6 3. Nc3 Nf6 4. Nf3 c6 5. e3 Bd6 6. Bd2 O-O 7. c5 Bc7 8. Bd3
Nbd7 9. Qe2 e5 10. Nxe5 Nxe5 11. dxe5 Bxe5 12. O-O Ng4 13. f4 Bf6 14. Rf3 d4
15. Nd1 dxe3 16. Bxe3 Re8 17. Kh1 Be6 18. Qc2 h6 19. Bg1 h5 20. Rh3 g6 21. f5
Bxf5 22. Bxf5 gxf5 23. Ne3 Nxe3 24. Bxe3 Qe7 25. Rg3+ Kh8 26. Qe2 Rg8 27. Qxh5#
{nyul checkmated} 1-0

[Event "ICS rated blitz match"]
[Site "204.178.125.65"]
[Date "2001.10.02"]
[Round "?"]
[White "nyul"]
[Black "Hossa"]
[Result "0-1"]
[WhiteElo "2056"]
[BlackElo "2545"]
[PlyCount "30"]
[EventDate "2001.??.??"]

1. e4 e6 2. d4 d5 3. exd5 exd5 4. Nf3 Bd6 5. Bd3 Nc6 6. c3 Nf6 7. O-O O-O 8.
Bg5 Be6 9. Nbd2 h6 10. Bh4 Be7 11. Qe2 Re8 12. Bc2 Bd7 13. Qd3 g6 14. Rae1 Bf5
15. Qe3 Bxc2 {nyul resigns} 0-1

[Event "ICS Rated blitz match"]
[Site "204.178.125.65"]
[Date "2001.10.03"]
[Round "?"]
[White "Hossa"]
[Black "ChampW"]
[Result "1-0"]
[WhiteElo "2547"]
[BlackElo "2526"]
[PlyCount "83"]
[EventDate "2001.??.??"]

1. c4 g6 2. Nf3 Bg7 3. e4 d6 4. d4 Nf6 5. Bd3 O-O 6. O-O Nbd7 7. Re1 e5 8. d5
Nc5 9. Bc2 a5 10. Nc3 Bd7 11. Qe2 Nh5 12. Be3 Nf4 13. Bxf4 exf4 14. Qd2 g5 15.
h3 Qf6 16. e5 dxe5 17. Nxe5 Bf5 18. Re2 Bxc2 19. Qxc2 Rae8 20. Rae1 Rd8 21. Na4
Nxa4 22. Qxa4 Qf5 23. Qxa5 b6 24. Qa7 h5 25. Nc6 Rd7 26. Ne7+ Rxe7 27. Rxe7 f3
28. Qxc7 fxg2 29. Kxg2 g4 30. hxg4 hxg4 31. Re8 Qf3+ 32. Kg1 Bd4 33. Qh2 Qh3
34. Qf4 Bg7 35. Rxf8+ Bxf8 36. Qg5+ Kh7 37. Qf5+ Kg7 38. Re4 Qh6 39. Rxg4+ Kh8
40. Qxf7 Bg7 41. d6 Qc1+ 42. Kg2 {ChampW resigns} 1-0

[Event "ICS Rated blitz match"]
[Site "204.178.125.65"]
[Date "2001.10.03"]
[Round "?"]
[White "ChampW"]
[Black "Hossa"]
[Result "1/2-1/2"]
[WhiteElo "2401"]
[BlackElo "2548"]
[PlyCount "133"]
[EventDate "2001.??.??"]

1. e4 d5 2. exd5 Qxd5 3. Nc3 Qe6+ 4. Be2 Qg6 5. Bf3 Nf6 6. d4 Bg4 7. Bxg4 Qxg4
8. Qxg4 Nxg4 9. Bf4 Nc6 10. Nf3 O-O-O 11. h3 Nf6 12. O-O-O e6 13. Ne5 Bd6 14.
Bg3 Bxe5 15. dxe5 Nd7 16. Bh4 f6 17. exf6 gxf6 18. Rhe1 Rhe8 19. Ne4 Rf8 20. f4
Rf7 21. g4 Ne7 22. Nc3 Ng6 23. Bg3 e5 24. f5 Ne7 25. Ne4 h5 26. Bh4 hxg4 27.
hxg4 Rdf8 28. Rd2 Nc6 29. c3 Rh8 30. Rh2 Rg8 31. Rg1 Ne7 32. Rhg2 b5 33. Bf2
Rfg7 34. Rg3 a5 35. Kc2 Nd5 36. g5 fxg5 37. Rxg5 Rxg5 38. Rxg5 Rxg5 39. Nxg5
Ne7 40. Kd3 Nxf5 41. Ke4 Nd6+ 42. Kd5 Kb7 43. Bg3 Nf5 44. Bf2 Nh6 45. Ke6 Kc6
46. Bg1 b4 47. cxb4 axb4 48. a4 b3 49. a5 Nf8+ 50. Kxe5 Kb5 51. Kd4 Nf5+ 52.
Kc3 Kxa5 53. Kxb3 Kb5 54. Ne4 Kc6 55. Kc4 Nd6+ 56. Nxd6 cxd6 57. b4 d5+ 58. Kd4
Ne6+ 59. Ke5 Nc7 60. Bc5 Na6 61. Kd4 Nxc5 62. bxc5 Kd7 63. Kxd5 Kc7 64. c6 Kc8
65. Kd6 Kd8 66. c7+ Kc8 67. Kc6 {Hossa stalemated} 1/2-1/2

[Event "ICS rated blitz match"]
[Site "204.178.125.65"]
[Date "2001.10.03"]
[Round "?"]
[White "Hossa"]
[Black "Calvinchuck"]
[Result "1-0"]
[WhiteElo "2547"]
[BlackElo "2264"]
[PlyCount "87"]
[EventDate "2001.??.??"]

1. d4 d6 2. e4 Nf6 3. f3 c6 4. Bd3 Qb6 5. Ne2 e5 6. c3 Be7 7. O-O O-O 8. b3 a5
9. Ba3 Qc7 10. Nd2 b5 11. Qc2 Na6 12. Rfc1 b4 13. Bb2 exd4 14. cxd4 Bd7 15. e5
Nd5 16. Bxh7+ Kh8 17. Be4 Ne3 18. Qd3 d5 19. Qxe3 dxe4 20. fxe4 Qb7 21. Qf3 Kg8
22. Nc4 Qb5 23. Nf4 Bg5 24. Rc2 a4 25. Nd6 Qb6 26. bxa4 Nc7 27. Nc4 Qa7 28. a5
Nb5 29. Rd1 Be6 30. Nxe6 fxe6 31. Qg4 Qe7 32. Qh5 Rf4 33. Bc1 Raf8 34. g3 Nxd4
35. Bxf4 Bxf4 36. Rxd4 Qc5 37. Qd1 Bxe5 38. Nxe5 Qxe5 39. Rxc6 Qxa5 40. Qb3 Qa7
41. Qxe6+ Kh8 42. Qd5 Qe7 43. Rb6 Qg5 44. Qxg5 {Calvinchuck resigns} 1-0

[Event "ICS rated standard match"]
[Site "204.178.125.65"]
[Date "2001.10.03"]
[Round "?"]
[White "Tinker"]
[Black "Hossa"]
[Result "1-0"]
[WhiteElo "2355"]
[BlackElo "2280"]
[PlyCount "124"]
[EventDate "2001.??.??"]

1. e4 e5 2. Nf3 Nc6 3. Bb5 a6 4. Ba4 Nf6 5. d4 exd4 6. O-O Be7 7. Re1 b5 8. e5
Nxe5 9. Rxe5 d6 10. Re1 bxa4 11. Nxd4 Bd7 12. Qf3 O-O 13. Nc6 Bxc6 14. Qxc6 d5
15. Qxa4 Re8 16. Nc3 Bb4 17. Rxe8+ Qxe8 18. Qxe8+ Rxe8 19. Bf4 Bxc3 20. bxc3
Re2 21. Rc1 Ne4 22. c4 Nc3 23. Kf1 Re4 24. Re1 Rxe1+ 25. Kxe1 dxc4 26. Bxc7
Nxa2 27. Ba5 Kf8 28. Kd1 c3 29. Ke2 Ke7 30. Kd3 Kd6 31. Kc4 Kc6 32. g4 f6 33.
h4 Kd6 34. Kb3 Nc1+ 35. Kxc3 Ne2+ 36. Kd3 Nf4+ 37. Ke4 Ng6 38. h5 Ne5 39. g5
fxg5 40. Bc3 Ng4 41. Kf5 Nxf2 42. Bxg7 g4 43. Bd4 g3 44. Be5+ Kd5 45. Bxg3 Ne4
46. Be1 Kd4 47. Ke6 Ke3 48. h6 Ke2 49. Bb4 Ng3 50. c4 Kd3 51. c5 Ne2 52. Kf7
Nd4 53. Kg8 Kc4 54. Kxh7 Kxb4 55. Kg6 a5 56. h7 a4 57. h8=Q Kxc5 58. Qe5+ Kc4
59. Qa5 Kb3 60. Qb6+ Kc4 61. Qa7 Kd5 62. Kf6 Kc4 {Hossa resigns} 1-0

[Event "ICS rated blitz match"]
[Site "204.178.125.65"]
[Date "2001.10.03"]
[Round "?"]
[White "ChampW"]
[Black "Hossa"]
[Result "1/2-1/2"]
[WhiteElo "2313"]
[BlackElo "2552"]
[PlyCount "198"]
[EventDate "2001.??.??"]

1. e4 d5 2. exd5 Qxd5 3. Nc3 Qe6+ 4. Be2 Qg6 5. Bf3 Nf6 6. Nge2 e5 7. d4 e4 8.
Nf4 Qf5 9. g4 Qa5 10. Be2 Bb4 11. Bd2 O-O 12. a3 Bxc3 13. Bxc3 Qg5 14. Bd2 Bxg4
15. Be3 Qa5+ 16. Bd2 Qf5 17. Be3 Nc6 18. Qd2 Bxe2 19. Nxe2 a5 20. O-O-O b5 21.
Rhg1 Ne7 22. Rg5 Qe6 23. d5 Qd6 24. Nc3 b4 25. Nb5 Qd7 26. a4 Nf5 27. Bd4 Ne8
28. Qf4 Nxd4 29. Nxd4 Qxa4 30. Rdg1 Qa1+ 31. Kd2 Qxb2 32. Rxg7+ Nxg7 33. Qf6
Qc3+ 34. Ke2 Qc4+ 35. Kd1 Qxd4+ 36. Qxd4 f6 37. Qxe4 Rf7 38. Kc1 Rb8 39. h4 a4
40. h5 h6 41. Rg6 a3 42. Kb1 f5 43. Qe5 b3 44. cxb3 Rxb3+ 45. Ka2 Rf3 46. Rxh6
Rxf2+ 47. Kxa3 Rd2 48. Rg6 Kh7 49. Rc6 Rd3+ 50. Kb2 Rd7 51. Rc5 Rf7 52. Kc2 Rh3
53. Rxc7 Rxc7+ 54. Qxc7 Rxh5 55. Qg3 f4 56. Qd3+ Rf5 57. d6 Kg6 58. d7 Ne6 59.
d8=Q Nxd8 60. Qxd8 f3 61. Qd1 f2 62. Qf1 Rf4 63. Kd2 Kf5 64. Ke2 Kf6 65. Ke3
Rf5 66. Ke4 Kg5 67. Qc1+ Kg6 68. Qf1 Kg5 69. Ke3 Kf6 70. Ke2 Rf4 71. Qa1+ Ke6
72. Kf1 Kd5 73. Qc1 Ke5 74. Qe3+ Kf5 75. Qe7 Rf3 76. Qf7+ Ke4 77. Qe6+ Kf4 78.
Qe2 Kg3 79. Qe4 Rf6 80. Qe5+ Rf4 81. Qh5 Rg4 82. Qh1 Rf4 83. Qg2+ Kh4 84. Qg6
Rf3 85. Qe4+ Kg3 86. Qg6+ Kh4 87. Qg7 Kh5 88. Qg2 Rf4 89. Qg3 Rf5 90. Qg7 Rf3
91. Qe5+ Kh4 92. Qe4+ Kg3 93. Qg6+ Kh4 94. Qh6+ Kg4 95. Qg6+ Kh4 96. Qh6+ Kg4
97. Qg6+ Kh4 98. Qe4+ Kg3 99. Qxf3+ Kxf3 {ChampW stalemated} 1/2-1/2

[Event "ICS rated blitz match"]
[Site "204.178.125.65"]
[Date "2001.10.03"]
[Round "?"]
[White "Hossa"]
[Black "ChampW"]
[Result "0-1"]
[WhiteElo "2548"]
[BlackElo "2338"]
[PlyCount "79"]
[EventDate "2001.??.??"]

1. c4 g6 2. Nf3 Bg7 3. e4 e5 4. Be2 Nc6 5. O-O d6 6. d3 Nf6 7. Nc3 O-O 8. Bg5
h6 9. Bd2 Nh7 10. Qc1 g5 11. Nd5 f5 12. Bc3 f4 13. Qc2 g4 14. Nd2 Ng5 15. f3 g3
16. hxg3 fxg3 17. f4 Ne6 18. fxe5 dxe5 19. Nf3 Qe8 20. Rab1 Qh5 21. Bd1 Ncd4
22. Bxd4 Nxd4 23. Qd2 Bf6 24. Nxf6+ Rxf6 25. Re1 Rf4 26. c5 Kh7 27. Rc1 Bg4 28.
Re3 Bxf3 29. gxf3 Rh4 30. Qg2 Rh2 31. Rc2 Rxg2+ 32. Rxg2 Qg5 33. Re1 h5 34. c6
bxc6 35. Kh1 h4 36. Reg1 Rf8 37. Rh2 Nxf3 38. Bxf3 Rxf3 39. a4 Rxd3 40. b3 {
Hossa resigns} 0-1

[Event "ICS rated blitz match"]
[Site "204.178.125.65"]
[Date "2001.10.03"]
[Round "?"]
[White "sekere"]
[Black "Hossa"]
[Result "0-1"]
[WhiteElo "2147"]
[BlackElo "2530"]
[PlyCount "98"]
[EventDate "2001.??.??"]

1. e4 e6 2. e5 d6 3. exd6 Bxd6 4. d4 Nf6 5. Nf3 O-O 6. Bc4 c5 7. dxc5 Bxc5 8.
Qxd8 Rxd8 9. O-O Nbd7 10. c3 Ne4 11. Bf4 Nb6 12. Bb3 Bd7 13. a4 Bc6 14. a5 Nd5
15. Bxd5 Rxd5 16. Na3 Rf5 17. Bg3 Nxg3 18. hxg3 Bxf3 19. gxf3 Rxf3 20. Kg2 Rd3
21. Nc4 Rc8 22. Rad1 Rcd8 23. Rxd3 Rxd3 24. Re1 Bd6 25. Kf1 Rd5 26. b4 Kf8 27.
Ke2 Be5 28. Rc1 Bf6 29. Ne3 Rd8 30. c4 Ke7 31. c5 Bb2 32. Rc2 Bd4 33. Nc4 a6
34. Nd6 Rd7 35. Kd3 Be5 36. Ke4 Bxd6 37. cxd6+ Rxd6 38. Rc7+ Rd7 39. Rc5 f5+
40. Ke5 g5 41. f3 h5 42. g4 h4 43. gxf5 Rd5+ 44. Rxd5 exd5 45. f6+ Kf7 46. Kf5
h3 47. Kxg5 h2 48. Kf5 h1=Q 49. f4 Qh5# {sekere checkmated} 0-1

[Event "ICS rated blitz match"]
[Site "204.178.125.65"]
[Date "2001.10.03"]
[Round "?"]
[White "Hossa"]
[Black "sekere"]
[Result "1-0"]
[WhiteElo "2533"]
[BlackElo "2144"]
[PlyCount "89"]
[EventDate "2001.??.??"]

1. d4 d5 2. c4 e6 3. Nc3 Nf6 4. Nf3 Be7 5. e3 O-O 6. Bd2 c5 7. dxc5 Bxc5 8. Bd3
Nc6 9. O-O a6 10. cxd5 Nxd5 11. Nxd5 Qxd5 12. Qc2 h6 13. Bh7+ Kh8 14. Be4 Qd6
15. Rfc1 Ba7 16. Bxc6 bxc6 17. Qxc6 Qxc6 18. Rxc6 Bb7 19. Rc7 Bd5 20. Bb4 Bb6
21. Rd7 Rad8 22. Ne5 Kg8 23. Bxf8 Rxf8 24. Rxd5 exd5 25. Nd7 Rd8 26. Nxb6 Rb8
27. Na4 Rb4 28. b3 d4 29. Nc5 dxe3 30. fxe3 a5 31. Rd1 Kh7 32. Rd6 g6 33. a4 h5
34. Ra6 h4 35. Rxa5 h3 36. Rb5 Rg4 37. g3 Rg5 38. Ne4 Rg4 39. Nf6+ Kg7 40. Nxg4
f5 41. Rb7+ Kf8 42. a5 fxg4 43. a6 g5 44. a7 Ke8 45. a8=Q# {sekere checkmated}
1-0

[Event "ICS rated blitz match"]
[Site "204.178.125.65"]
[Date "2001.10.03"]
[Round "?"]
[White "jayman"]
[Black "Hossa"]
[Result "0-1"]
[WhiteElo "2299"]
[BlackElo "2535"]
[PlyCount "102"]
[EventDate "2001.??.??"]

1. c4 e5 2. Nc3 Nf6 3. g3 Bb4 4. Bg2 O-O 5. Nf3 d6 6. d3 e4 7. Nd4 exd3 8. Qxd3
Nbd7 9. f4 Nc5 10. Qc2 Be6 11. Nxe6 fxe6 12. Bd2 Qe8 13. a3 Bxc3 14. Bxc3 c6
15. Rd1 Ng4 16. Qd2 Rd8 17. h3 Nf6 18. Qe3 b6 19. O-O d5 20. cxd5 Nxd5 21. Bxd5
cxd5 22. Bb4 Qc6 23. Rc1 d4 24. Qf3 Rd5 25. Bxc5 bxc5 26. Rc4 Qb6 27. b4 d3 28.
bxc5 Rxc5 29. Rxc5 Qxc5+ 30. Qf2 Qxa3 31. exd3 Qxd3 32. Re1 Re8 33. Re3 Qd1+
34. Kh2 Rd8 35. Re2 a5 36. Ra2 a4 37. Qc2 Qxc2+ 38. Rxc2 a3 39. Ra2 Rd3 40. Kg2
Kf7 41. h4 Rb3 42. Kh3 Kf6 43. Kg4 h5+ 44. Kxh5 Rxg3 45. f5 exf5 46. Rg2 g6+
47. Kh6 Rxg2 48. h5 Rh2 49. Kh7 Rxh5+ 50. Kg8 a2 51. Kf8 Rh8# {
jayman checkmated} 0-1

[Event "ICS rated standard match"]
[Site "204.178.125.65"]
[Date "2001.10.03"]
[Round "?"]
[White "Hossa"]
[Black "BrazilianMaster"]
[Result "0-1"]
[WhiteElo "2267"]
[BlackElo "2706"]
[PlyCount "83"]
[EventDate "2001.??.??"]

1. d4 Nf6 2. c4 g6 3. Nc3 d5 4. cxd5 Nxd5 5. e4 Nxc3 6. bxc3 Bg7 7. Bc4 c5 8.
Ne2 Nc6 9. Be3 O-O 10. Rc1 cxd4 11. cxd4 Qa5+ 12. Kf1 Rd8 13. d5 Ne5 14. Bb3
Bd7 15. Bg5 Re8 16. f3 Bb5 17. Qd2 Qxd2 18. Bxd2 Nd3 19. Rc2 Rac8 20. Be3 b6
21. a4 Ba6 22. g3 Rxc2 23. Bxc2 Rc8 24. Bd1 Rc4 25. Bb3 Rb4 26. Bd1 Rb2 27. Bg5
h6 28. Be3 Rb1 29. Kg2 Nb2 30. Nc1 Nc4 31. Bf4 g5 32. Bb3 gxf4 33. Ba2 Ne3+ 34.
Kh3 Ra1 35. Bb3 fxg3 36. hxg3 Bb2 37. e5 Bxc1 38. d6 exd6 39. exd6 Bf1+ 40. Kh4
Ba3 41. Kh5 Bxd6 42. Kxh6 {Hossa resigns} 0-1

[Event "ICS rated blitz match"]
[Site "204.178.125.65"]
[Date "2001.10.03"]
[Round "?"]
[White "Hossa"]
[Black "FChess"]
[Result "0-1"]
[WhiteElo "2542"]
[BlackElo "2702"]
[PlyCount "118"]
[EventDate "2001.??.??"]

1. d4 d5 2. c4 e6 3. Nf3 Nf6 4. Nc3 Nbd7 5. cxd5 exd5 6. Bg5 Be7 7. e3 O-O 8.
Bd3 h6 9. Bh4 c6 10. O-O b6 11. Qc2 Re8 12. Bg3 Bb7 13. Ne2 c5 14. dxc5 bxc5
15. Rfd1 Bf8 16. Bf4 c4 17. Bf5 g6 18. Bxg6 fxg6 19. Qxg6+ Bg7 20. Bxh6 Re7 21.
Bxg7 Rxg7 22. Qc2 Ne4 23. Nf4 Ndc5 24. Nd4 Qb6 25. f3 Nf6 26. Rab1 Re8 27. Qf2
Re5 28. Rd2 Kf7 29. g3 Ke8 30. Rbd1 Rge7 31. Re2 Nh5 32. Nxh5 Nd3 33. Qg2 Rxh5
34. b3 Rhe5 35. Qh3 Rxe3 36. Qh8+ Kd7 37. Rxe3 Rxe3 38. bxc4 dxc4 39. Qh3+ Kc7
40. Qh7+ Kb8 41. Qg8+ Bc8 42. Qxc4 Nb2 43. Qc2 Nxd1 44. Qxd1 Ba6 45. Qd2 Kb7
46. Kg2 Rd3 47. Qe2 Qxd4 48. Qe7+ Kb6 49. Qe6+ Ka5 50. g4 Bb7 51. Qe1+ Ka4 52.
Qe8+ Ka3 53. Qe7+ Kxa2 54. Qxb7 Rd2+ 55. Kg3 Qe5+ 56. f4 Qe1+ 57. Kh3 Rd3+ 58.
Kg2 Qe2+ 59. Kg1 Rd1# {Hossa checkmated} 0-1